00760nam a2200193Ia 4500001000900000003000500009008004100014010001100055040000900066100002500075245021000100260003500310300001000345502008900355650002700444650002100471650002400492710005000516Para_886CHAP220125s1994 xx 000 0 und d a199539 cCHAP aReyes Corona, Manuel aEfecto de los fertilizantes nitrogenados sobre Fusarium solani f.sp. Phaseoli Mart Appl y Wollenm y Rhizoctonia solani Khun en frijol (Paseolus vulgaris L.) en Chapingo, Méx. /c por Manuel Reyes Corona aChapingo, Méx. :b El autor a76 h. aTesis (Ing. Agr. Esp. en Parasitología Agrícola) -- UACh. Depto. Parasitología aFrijol x enfermedades aFusarium solani  aRhizoctonia solani  aUACh. Departamento Parasitología Agrícola